Detalles MARC
| 000 -LEADER |
| campo de control de longitud fija |
02252cam a22005894i 4500 |
| 003 - IDENTIFICADOR DE NÚMERO DE CONTROL |
| campo de control |
PE-LiUPU |
| 005 - FECHA Y HORA DE LA ÚLTIMA TRANSACCIÓN |
| campo de control |
20250811091808.0 |
| 008 - DATOS DE LONGITUD FIJA--INFORMACIÓN GENERAL |
| campo de control de longitud fija |
160609s2012 gw r 000 0 eng d |
| 020 ## - NÚMERO INTERNACIONAL ESTÁNDAR DEL LIBRO |
| Número Internacional Estándar del Libro |
9783438051400 |
| 020 ## - NÚMERO INTERNACIONAL ESTÁNDAR DEL LIBRO |
| Número Internacional Estándar del Libro |
9783438051554 |
| Información calificativa |
(flexicover schwarz/black) |
| 020 ## - NÚMERO INTERNACIONAL ESTÁNDAR DEL LIBRO |
| Número Internacional Estándar del Libro |
3438051559 |
| Información calificativa |
(flexicover schwarz/black) |
| 020 ## - NÚMERO INTERNACIONAL ESTÁNDAR DEL LIBRO |
| Número Internacional Estándar del Libro |
9783438051561 |
| Información calificativa |
(blau/black) |
| 035 ## - NÚMERO DE CONTROL DEL SISTEMA |
| Número de control de sistema |
(Sirsi) a157154 |
| 040 ## - FUENTE DE CATALOGACIÓN |
| Centro catalogador/agencia de origen |
PE-LiUPU |
| Lengua de catalogación |
spa |
| Centro/agencia transcriptor |
PE-LiUPU |
| Normas de descripción |
rda |
| 049 ## - FONDOS LOCALES (OCLC) |
| Biblioteca depositaria |
PRUA |
| 082 04 - NÚMERO DE LA CLASIFICACIÓN DECIMAL DEWEY |
| Número de clasificación |
225.48 |
| Cutter |
N945 |
| Número de edición |
21 |
| 245 10 - MENCIÓN DEL TÍTULO |
| Título |
Novum Testamentum Graece : |
| Mención de responsabilidad, etc. |
Based on the work of Eberhard and Erwin Nestle / |
| Resto del título |
editado por Kurt Aland, Johanenes Karavidopoulos, Carlo M. Martini, Bruce M. Metzger |
| 250 ## - MENCION DE EDICION |
| Mención de edición |
Vigésimo octava edición, revisada. |
| 264 #1 - PRODUCCIÓN, PUBLICACIÓN, DISTRIBUCIÓN, FABRICACIÓN Y COPYRIGHT |
| Producción, publicación, distribución, fabricación y copyright |
Struttgart, Alemania : |
| Nombre del de productor, editor, distribuidor, fabricante |
Deutsche Bibelgesellschaft, |
| Fecha de producción, publicación, distribución, fabricación o copyright |
2012. |
| 300 ## - DESCRIPCIÓN FÍSICA |
| Extensión |
890 páginas ; |
| Dimensiones |
18 centímetros |
| 336 ## - TIPO DE CONTENIDO |
| Término de tipo de contenido |
text |
| Fuente |
rdacontent |
| 337 ## - TIPO DE MEDIO |
| Nombre/término del tipo de medio |
unmediated |
| Fuente |
rdamedia |
| 338 ## - TIPO DE SOPORTE |
| Nombre/término del tipo de soporte |
volume |
| Fuente |
rdacarrier |
| 526 ## - NOTA DE INFORMACIÓN SOBRE EL PROGRAMA DE ESTUDIO |
| Nombre del programa |
Segunda Especialidad En Profecías Bíblicas |
| 526 ## - NOTA DE INFORMACIÓN SOBRE EL PROGRAMA DE ESTUDIO |
| Nombre del programa |
Segunda Especialidad En Nuevo Testamento |
| 526 ## - NOTA DE INFORMACIÓN SOBRE EL PROGRAMA DE ESTUDIO |
| Nombre del programa |
Segunda Especialidad En Antiguo Testamento |
| 526 ## - NOTA DE INFORMACIÓN SOBRE EL PROGRAMA DE ESTUDIO |
| Nombre del programa |
Segunda Especialidad En Estudios Adventistas |
| 526 ## - NOTA DE INFORMACIÓN SOBRE EL PROGRAMA DE ESTUDIO |
| Nombre del programa |
Doctorado en teología |
| 526 ## - NOTA DE INFORMACIÓN SOBRE EL PROGRAMA DE ESTUDIO |
| Nombre del programa |
Maestría en teología histórica |
| 526 ## - NOTA DE INFORMACIÓN SOBRE EL PROGRAMA DE ESTUDIO |
| Nombre del programa |
Maestría en teología bíblica |
| 526 ## - NOTA DE INFORMACIÓN SOBRE EL PROGRAMA DE ESTUDIO |
| Nombre del programa |
Maestría en teología |
| 526 ## - NOTA DE INFORMACIÓN SOBRE EL PROGRAMA DE ESTUDIO |
| Nombre del programa |
Maestría en misionología |
| 526 ## - NOTA DE INFORMACIÓN SOBRE EL PROGRAMA DE ESTUDIO |
| Nombre del programa |
Maestría en liderazgo eclesiástico |
| 526 ## - NOTA DE INFORMACIÓN SOBRE EL PROGRAMA DE ESTUDIO |
| Nombre del programa |
Teología |
| 630 14 - PUNTO DE ACCESO ADICIONAL DE MATERIA--TÍTULO UNIFORME |
| Título uniforme |
Biblia. |
| Nombre de parte o sección de la obra |
Nuevo Testamento |
| Lenguaje de la obra |
Griego |
| 9 (RLIN) |
6316 |
| Subdivisión general |
Versión Nestlé. |
| 630 24 - PUNTO DE ACCESO ADICIONAL DE MATERIA--TÍTULO UNIFORME |
| Título uniforme |
Biblia. |
| Nombre de parte o sección de la obra |
Nuevo Testamento |
| Subdivisión general |
Crítica textual. |
| 9 (RLIN) |
6471 |
| 700 1# - ENTRADA AGREGADA--NOMBRE PERSONAL |
| Nombre de persona |
Nestle, Eberhard, |
| Fechas asociadas al nombre |
1851-1913 |
| Término indicativo de función/relación |
traductor. |
| 700 1# - ENTRADA AGREGADA--NOMBRE PERSONAL |
| Nombre de persona |
Nestle, Erwin, |
| Fechas asociadas al nombre |
1883-1972 |
| Término indicativo de función/relación |
traductor. |
| 700 ## - ENTRADA AGREGADA--NOMBRE PERSONAL |
| Nombre de persona |
Kurt, Barbara, |
| Término indicativo de función/relación |
traductora. |
| 9 (RLIN) |
6475 |
| 700 ## - ENTRADA AGREGADA--NOMBRE PERSONAL |
| Nombre de persona |
Kurt, Aland, |
| Término indicativo de función/relación |
editor. |
| 9 (RLIN) |
6479 |
| 700 ## - ENTRADA AGREGADA--NOMBRE PERSONAL |
| Nombre de persona |
Karavidopoulos, Johannes, |
| Término indicativo de función/relación |
editor. |
| 9 (RLIN) |
6480 |
| 700 ## - ENTRADA AGREGADA--NOMBRE PERSONAL |
| Nombre de persona |
Martini, Carlo M. |
| Término indicativo de función/relación |
editor. |
| 9 (RLIN) |
6481 |
| 700 ## - ENTRADA AGREGADA--NOMBRE PERSONAL |
| Nombre de persona |
Metzger, Bruce M. |
| Término indicativo de función/relación |
editor. |
| 9 (RLIN) |
6482 |
| 910 ## - DATOS DE OPCIÓN DEL USUARIO (OCLC) |
| Datos de opción del usuario |
jck |
| 910 ## - DATOS DE OPCIÓN DEL USUARIO (OCLC) |
| Datos de opción del usuario |
dbm |
| 942 ## - ELEMENTOS DE ENTRADA SECUNDARIOS (KOHA) |
| Fuente del sistema de clasificación o colocación |
Clasificación Decimal Dewey |
| Tipo de ítem Koha |
Libros físicos |
| 949 ## - PROCESAMIENTO DE INFORMACIÓN LOCAL (OCLC) |
| w |
DEWEY |
| c |
1 |
| i |
73611 |
| l |
CCODEBUL1 |
| m |
BUL |
| p |
62.99 |
| r |
0 |
| s |
Y |
| t |
BOOK |
| u |
2016-06-09 |
| x |
POSGRADO |
| 0 |
COMPRA |
| o |
.STAFF. Colección Teología |
| 949 ## - PROCESAMIENTO DE INFORMACIÓN LOCAL (OCLC) |
| a |
225.48 N45 2012 2 |
| w |
DEWEY |
| c |
1 |
| i |
73612 |
| l |
CCODEBUL1 |
| m |
BUL |
| p |
62.99 |
| r |
0 |
| s |
Y |
| t |
BOOK |
| u |
2016-06-09 |
| x |
POSGRADO |
| 0 |
COMPRA |
| o |
.STAFF. Colección Teología |
| 980 ## - EQUIVALENCIA O REFERENCIA-CRUZADA-MENCIÓN DE SERIE--NOMBRE DE PERSONA/TÍTULO [LOCAL, CANADÁ] |
| ID del último usuario que modificó el registro |
18226 |
| Nombre del último usuario que modificó el registro |
Jaime Vilcazán Jefe de Análisis Documental |